000 00957nam a22002657a 4500
001 22214
005 20260421094831.0
008 260410b |||||||| |||| 00| 0 spa d
022 _a03262774
041 _aESP
082 _aHR 340 JUN 2025
_bPI
100 _a,
110 _aPontificia Universidad Católica Argentina Santa María de los Buenos Aires
245 _aPrudentia Iuris :
_b revista de la Facultad de Derecho de la Pontificia Universidad Católica Argentina Santa María de Buenos Aires
260 _aBuenos Aires :
_bUniversidad Católica Argentina,
_c2025
300 _a344 páginas :
_b;
_c23 cm.
440 _a ;
505 _aNúmero 99 Junio 2025
650 _aCIS
653 _aDerecho - Revista
654 _aCDE
700 _a;
856 _uhttps://0u214xbmy-y-https-app-vlex-com.itmsp.museknowledge.com/search/jurisdiction:PE/prudentia+iuris+revista
_zVéase además: Base de datos Vlex
942 _cREV
_dJUS
_fMIP
_n0
_2ddc
999 _c22214
_d22214